| 000 | 00572nam a2200181Ia 4500 | ||
|---|---|---|---|
| 008 | 100920s9999 xx 000 0 und d | ||
| 082 |
_b23868 _a930 थ 57 |
||
| 100 | _aText1 | ||
| 245 | _a1857 चा महाराष्ट्र. | ||
| 260 |
_bपरांजपे द. रा., सातारा. _c1957 |
||
| 300 |
_a117 _bसाधी |
||
| 365 | _b1.25 | ||
| 520 | _aइतिहास. | ||
| 630 | _a1857 चा महाराष्ट्र. | ||
| 650 | _aइतिहास. | ||
| 730 | _a1857 चा महाराष्ट्र. | ||
| 942 | _cBOOK | ||
| 999 |
_c682530 _d682527 |
||